Normal view
MARC view
- Autobiography by Khushwant Singh
Entry Topical Term
001 - CONTROL NUMBER
- control field: 111993
003 - CONTROL NUMBER IDENTIFIER
- control field: NUST
005 - DATE AND TIME OF LATEST TRANSACTION
- control field: 20230427132615.0
008 - FIXED-LENGTH DATA ELEMENTS
- fixed length control field: 230427|| aca||aabn | a|a d
040 ## - CATALOGING SOURCE
- Original cataloging agency: NUST
- Transcribing agency: NUST
150 ## - HEADING--TOPICAL TERM
- Topical term or geographic name entry element: Autobiography by Khushwant Singh
670 ## - SOURCE DATA FOUND
- Source citation: Work cat.: (NUST)194143: Singh, Khushwant 17337, Such Mohabbat Aur Zara Sa Keena - سچ محبت اور ذرا سا کینہ /, 2003
